[Event "Frank K Berry ch-USA"]
[Site "Tulsa USA"]
[Date "2008.05.20"]
[Round "8"]
[White "Pruess, D."]
[Black "Ivanov, AV USA."]
[Result "0-1"]
[WhiteElo "2425"]
[BlackElo "2560"]
[PlyCount "84"]
[EventDate "2008.05.13"]

1. e4 e5 2. Nf3 Nc6 3. Bb5 Nf6 4. O-O Nxe4 5. d4 Nd6 6. Bxc6 dxc6 7. dxe5 Nf5
8. Qxd8+ Kxd8 9. Nc3 h6 10. h3 Bd7 11. g4 Ne7 12. Bf4 Kc8 13. Rad1 Nd5 14. Ne2
h5 15. Ng5 Be7 16. Bd2 Bxg5 17. Bxg5 hxg4 18. hxg4 Bxg4 19. f3 Be6 20. c4 Nb4
21. b3 Nxa2 22. Be7 Re8 23. Ba3 a5 24. Ra1 a4 25. Rxa2 axb3 26. Raa1 Bxc4 27.
Rf2 Rxe5 28. Nc3 Rea5 29. Rh2 b6 30. Rh8+ Kb7 31. Rxa8 Rxa8 32. Kf2 c5 33. Bb2
Rxa1 34. Bxa1 f6 35. Ne4 Bd3 36. Ng3 Bg6 37. Ke3 b5 38. f4 b4 39. f5 Bf7 40.
Ne2 c4 41. Bd4 c5 42. Bb2 Bh5 0-1

[Event "Frank K Berry ch-USA"]
[Site "Tulsa USA"]
[Date "2008.05.21"]
[Round "9"]
[White "Langer, M USA."]
[Black "Shankland, S."]
[Result "1-0"]
[WhiteElo "2254"]
[BlackElo "2296"]
[PlyCount "43"]
[EventDate "2008.05.13"]

1. e4 c5 2. d3 Nc6 3. g3 g6 4. Bg2 Bg7 5. f4 e6 6. Nf3 Nge7 7. O-O O-O 8. c3 d6
9. Na3 Rb8 10. Be3 b5 11. e5 dxe5 12. fxe5 Nxe5 13. Bxc5 Qc7 14. d4 Rd8 15.
Nxe5 Bxe5 16. Qe2 Bd6 17. Nxb5 Ba6 18. Qf2 Bxb5 19. Qxf7+ Kh8 20. Qf6+ Kg8 21.
Qxe6+ Kh8 22. Rf7 1-0

[Event "Frank K Berry ch-USA"]
[Site "Tulsa USA"]
[Date "2008.05.21"]
[Round "9"]
[White "Ludwig, Dan"]
[Black "Galant, S."]
[Result "1/2-1/2"]
[WhiteElo "2357"]
[BlackElo "2235"]
[PlyCount "83"]
[EventDate "2008.05.13"]

1. e4 e6 2. d4 d5 3. Nd2 dxe4 4. Nxe4 Nd7 5. Nf3 Ngf6 6. Nxf6+ Nxf6 7. c3 c5 8.
Ne5 a6 9. Bg5 Qc7 10. Qa4+ Nd7 11. Bf4 Bd6 12. Bb5 Bxe5 13. Bxe5 Qb6 14. Bxd7+
Bxd7 15. Qa3 f6 16. Bg3 cxd4 17. O-O dxc3 18. bxc3 Kf7 19. Rab1 Qc6 20. Qa5
Rhe8 21. Rb6 Qc8 22. Qh5+ Kg8 23. Rb4 e5 24. f4 Bg4 25. Qh4 e4 26. Re1 e3 27.
h3 Bf5 28. Qh5 b5 29. Qf3 Qxc3 30. Rb3 Qc5 31. Rbxe3 Rxe3 32. Rxe3 Re8 33. Bf2
Rxe3 34. Bxe3 Qc4 35. Qa8+ Bc8 36. a3 h6 37. Qa7 Qe4 38. Qd4 Bb7 39. Qxe4 Bxe4
40. Bc5 Kf7 41. Kf2 g6 42. g3 1/2-1/2

[Event "Frank K Berry ch-USA"]
[Site "Tulsa USA"]
[Date "2008.05.21"]
[Round "9"]
[White "Ippolito, D."]
[Black "Gulko, B."]
[Result "0-1"]
[WhiteElo "2425"]
[BlackElo "2559"]
[PlyCount "84"]
[EventDate "2008.05.13"]

1. d4 d6 2. Nf3 g6 3. c4 Bg7 4. g3 c5 5. Bg2 Nc6 6. dxc5 Qa5+ 7. Bd2 Qxc5 8.
Bc3 Nf6 9. Nbd2 Ng4 10. O-O Bxc3 11. bxc3 O-O 12. Rb1 a6 13. Qb3 Bf5 14. e4 Be6
15. h3 Nf6 16. Qb6 Qxb6 17. Rxb6 Na5 18. Nd4 Nxc4 19. Nxe6 Nxb6 20. Nxf8 Kxf8
21. Rb1 Nfd7 22. e5 d5 23. a4 a5 24. Rb5 Nxa4 25. Rxb7 Nxe5 26. f4 Nd3 27. Bxd5
Nxc3 28. Bf3 Rd8 29. Rb3 Rc8 30. Ra3 a4 31. Bb7 Rc7 32. Ba6 Nb2 33. Bf1 e6 34.
h4 Ke7 35. Kh2 Nd5 36. Kh3 Rc3 37. Ra2 Nxf4+ 38. Kg4 Nh5 39. Kg5 Rxg3+ 40. Kh6
a3 41. Kxh7 Nf6+ 42. Kg7 g5 0-1

[Event "Frank K Berry ch-USA"]
[Site "Tulsa USA"]
[Date "2008.05.21"]
[Round "9"]
[White "Pruess, D."]
[Black "Kaufman, La"]
[Result "1/2-1/2"]
[WhiteElo "2425"]
[BlackElo "2365"]
[PlyCount "90"]
[EventDate "2008.05.13"]

1. e4 c6 2. d4 d5 3. e5 Bf5 4. h4 h5 5. Bd3 Bxd3 6. Qxd3 e6 7. Bg5 Qa5+ 8. Nd2
Ne7 9. Ne2 c5 10. b4 cxb4 11. O-O Qa6 12. Qf3 Nf5 13. a3 bxa3 14. c4 Nc6 15.
cxd5 Ncxd4 16. Nxd4 Nxd4 17. Qe4 Ne2+ 18. Kh1 Nc3 19. Qf3 Nxd5 20. Ne4 Rc8 21.
Rfb1 Rc4 22. Rb3 Qc6 23. Rd1 a5 24. Rdb1 a2 25. Ra1 Ra4 26. Qd3 Bb4 27. Qf3 Rf8
28. Rb2 Nc3 29. Rd2 Nd5 30. Rdxa2 Rxa2 31. Rxa2 Qc4 32. Ra1 Qd4 33. Rc1 Qxe5
34. Rc8+ Kd7 35. Rxf8 Bxf8 36. Qxf7+ Be7 37. Nc5+ Kc6 38. Nxe6 Bxg5 39. hxg5
Kd6 40. Nxg7 Qxg5 41. Qxb7 Qc1+ 42. Kh2 Qf4+ 43. Kg1 Qc1+ 44. Kh2 Qf4+ 45. Kg1
Qc1+ 1/2-1/2

[Event "Frank K Berry ch-USA"]
[Site "Tulsa USA"]
[Date "2008.05.21"]
[Round "9"]
[White "Vigorito, D."]
[Black "Yermolinsky, A."]
[Result "1/2-1/2"]
[WhiteElo "2405"]
[BlackElo "2518"]
[PlyCount "27"]
[EventDate "2008.05.13"]

1. d4 d5 2. c4 e6 3. Nc3 Nf6 4. Bg5 Be7 5. e3 O-O 6. Nf3 Nbd7 7. Rc1 a6 8. cxd5
exd5 9. Bd3 c6 10. Qc2 Re8 11. O-O Nf8 12. h3 N6d7 13. Bf4 Nf6 14. Bh2 1/2-1/2